| 000 | 00915nam a2200205 a 4500 | ||
|---|---|---|---|
| 001 | 000031236 | ||
| 005 | 20240313182403.0 | ||
| 008 | 110615s1951 es 000 0 spa d | ||
| 040 |
_aDO-SdBNP _bspa _cBNPHU |
||
| 110 | 1 |
_aEspaña _b(Reino). Rey (1474-1504: Isabel I y Fernando V) _957708 |
|
| 245 | 1 | 0 |
_aLibro de los privilegios del almirante Don Cristóbal Colón / _cestudio preliminar, edición y notas por el Excmo. Señor Don Ciriaco Pérez-Bustamante. |
| 260 |
_aMadrid : _bReal Academia de la Historia, _c1951. |
||
| 300 |
_aLXV, 201 p., ; _c29 cm. |
||
| 500 | _aIncluye reprod. facs. del texto original conservado en el Archivo General de Indias | ||
| 500 | _aIncluye refeencias bibliográficas y notas al pie de las páginas | ||
| 700 |
_aCOLÓN, CRISTOBAL, _d1436-1456 _919795 |
||
| 700 |
_aPérez Bustamante, Ciriaco _957709 |
||
| 710 | 2 |
_aReal Academia de la Historia (España) _957710 |
|
| 049 | _aBNPD | ||
| 999 |
_c30728 _d30728 |
||